Statistiques concernant Devine le joueur - Olympique Lyonnais

Cliquez ici pour prendre le quiz!

Statistiques générales

  • Ce quiz a été pris 247 fois
  • Le résultat moyen est 11 sur 16

Statistiques - réponses

Réponse% Correct
Alexandre Lacazette
100%
Nabil Fekir
100%
Pernambucano Juninho
98%
Grégory Coupet
90%
Miralem Pjanić
88%
Nicolás Tagliafico
88%
Sidney Govou
86%
Yoann Gourcuff
86%
Sonny Anderson
81%
Ludovic Giuly
57%
Fleury Di Nallo
52%
Rémi Garde
38%
Florian Maurice
35%
Cardoso Mendes Tiago
33%
Serge Chiesa
23%
Jean Djorkaeff
10%

Distribution des résultats

Percentile par nombre de réponses

% des personnes avec chaque résultat

Votre développement - résultats

Vous n’avez pas pris ce quiz